| 000 | 01242cam a2200373 a 4500 | ||
|---|---|---|---|
| 001 | 57834 | ||
| 003 | CO-BoRNBP | ||
| 005 | 20250731152724.0 | ||
| 007 | ta | ||
| 008 | 990916s1999 ck c jr 00010 spa d | ||
| 020 | _a9583006718 | ||
| 040 |
_ala _cla |
||
| 041 | 0 | _aspa | |
| 043 | _as-ck--- | ||
| 082 | 0 | 4 |
_aI863.6 _bN45r3 _219 ed. |
| 100 | 1 |
_aNiño, Jairo Aníbal, _d1941-2010 |
|
| 240 | 0 | _aBoyacá-Bibliografía regional | |
| 245 | 1 | 3 |
_aEl río de la vida : _bManuel Elkin Patarroyo y su lucha contra la malaria / _cJairo Aníbal Niño ; ilustraciones Rocío Parra. |
| 250 | _aEdición Gabriel Silva Rincón. | ||
| 300 |
_a94 p. : _bil. ; _c21 cm. |
||
| 336 |
_2rdacontent _atexto _btxt |
||
| 337 |
_2rdamedia _asin mediación _bn |
||
| 338 |
_2rdacarrier _avolumen _bnc |
||
| 650 | 7 |
_aCuentos infantiles colombianos. _2BLAAUTO |
|
| 650 | 7 |
_aCuentos colombianos. _2BLAAUTO |
|
| 650 | 7 |
_aVacunas _v Cuentos. _2BLAAUTO _961763 |
|
| 650 | 7 |
_aMalaria _v Cuentos. _2BLAAUTO _961764 |
|
| 650 | 7 |
_aVida _vCuentos. _2BLAAUTO _961765 |
|
| 700 | 1 |
_aSilva Rincón, Gabriel, _d1955-, _eed. _92749 |
|
| 700 | 1 |
_aParra, Rocío, _eil. _92488 |
|
| 740 | 0 | 2 | _aManuel Elkin Patarroyo versus la malaria. |
| 942 |
_2ddc _cBK |
||
| 949 |
_ac _bc |
||
| 999 |
_c57834 _d57834 |
||